Capital Market Expectations, Market Valuation, and Asset Allocation (Record no. 1292)

000 -LEADER
fixed length control field 00644nam a22002057a 4500
003 - CONTROL NUMBER IDENTIFIER
control field OSt
005 - DATE AND TIME OF LATEST TRANSACTION
control field 20210501122301.0
008 - FIXED-LENGTH DATA ELEMENTS--GENERAL INFORMATION
fixed length control field 210210s2012 ||||| |||| 00| 0 eng d
020 ## - INTERNATIONAL STANDARD BOOK NUMBER
International Standard Book Number 0558925189
020 ## - INTERNATIONAL STANDARD BOOK NUMBER
International Standard Book Number 9780558925185
040 ## - CATALOGING SOURCE
Original cataloging agency eng
Language of cataloging eng
Transcribing agency DLC
041 ## - LANGUAGE CODE
Language code of text/sound track or separate title eng
080 ## - UNIVERSAL DECIMAL CLASSIFICATION NUMBER
Universal Decimal Classification number 33
Item number C-20
245 ## - TITLE STATEMENT
Title Capital Market Expectations, Market Valuation, and Asset Allocation
Remainder of title : CFA Program Curriculum Volume 3 / Level III, 2012
Statement of responsibility, etc. / by: CFA Institute, Pearson
260 ## - PUBLICATION, DISTRIBUTION, ETC.
Name of publisher, distributor, etc. CFA Institute, Pearson
Date of publication, distribution, etc. 2012
300 ## - PHYSICAL DESCRIPTION
Extent 394 p. Glossary 21 p. Index 18 p.
650 #0 - SUBJECT ADDED ENTRY--TOPICAL TERM
9 (RLIN) 446
Topical term or geographic name entry element Economics
653 ## - INDEX TERM--UNCONTROLLED
Uncontrolled term ეკონომიკა
942 ## - ADDED ENTRY ELEMENTS (KOHA)
Source of classification or shelving scheme
Koha item type Books
Holdings
Withdrawn status Lost status Source of classification or shelving scheme Damaged status Not for loan Permanent location Current location Date acquired Inventory number Total Checkouts Full call number Barcode Date last seen Price effective from Koha item type
          Ken Walker International University Ken Walker International University 02/10/2021 1421   33 C-20 1421 02/10/2021 02/10/2021 Books

Powered by Koha